000 00966nam a22002297a 4500
003 OSt
005 20260120060757.0
008 260120b |||||||| |||| 00| 0 eng d
020 _a9789715812603
040 _aDWCL GS lib
_cOC
082 _aCir. 234 W582
_b2016
100 _aWhite, Ellen G.
245 _aSTEPS to CHRIST :
_bThe anti-stress classic
_cEllen G. White
260 _aManila, Philippines
_bPhilippine Publishing House
_cc2016.
300 _avii, 144 pages:
_billustrations ;
_c20cm.
504 _a
520 _aoutlines a spiritual journey from recognizing God's love to finding joy in Him, covering repentance, confession, faith, and growth, emphasizing that a personal relationship with Jesus transforms a person's life through His enabling power, not self-effort, leading to prayer, service, and rejoicing in God's grace.
546 _aEnglish
650 _aChristian Life
700 _aEllen G. White
942 _2ddc
_cBK-CIRC
_hCirc.
_n0
999 _c7588
_d7588